000 002330000a22000970004500
100 1 _aBradshaw, Bruce
245 1 0 _aFostering change to restore a culture
300 _aNúm 57 (1998), Páginas 17-18
773 0 _tTogether
942 _cANA
999 _c57134
_d57134